000 00589nam a2200217 a 4500
001 BRL_804
005 20190320210914.0
008 081013s1967----ag-a######---#000-p#spa-#
041 _aspa
044 _aag
050 4 _aPQ7798.16
_b.F73 1967
100 1 _aFrancia, Héctor
_924996
245 1 0 _aPie en la Brújula y otros poemas
_cHéctor Francia.
260 _aBuenos Aires
_bNEXO, Galeria de arte y cultura
_c1967
300 _a32 p.
_bil.
_c23 cm.
500 _aAu908
500 _aIncluye dedicatoria a Ruth Lechuga
650 1 4 _aPoesía
_917631
902 _aGRL
942 _2lcc
_cB
999 _c9616
_d9616